[Event "Montcalm 5 2019-20"]
[Site "Quebec CAN"]
[Date "2020.02.13"]
[Round "1"]
[White "Dumont, Eric"]
[Black "Hebert, Andre jr"]
[Result "1-0"]
[WhiteElo "1811"]
[BlackElo "1536"]
[PlyCount "25"]
[EventDate "2020.02.13"]
[EventType "swiss"]
[EventRounds "5"]
[EventCountry "CAN"]

1. d4 Nf6 2. Bf4 d5 3. e3 c6 4. Nd2 e6 5. Ngf3 Bd6 6. Ne5 O-O 7. Bd3 Qc7 8. O-O
Nbd7 9. Ndf3 c5 10. c3 c4 11. Bc2 h6 12. h3 Nxe5 13. dxe5 1-0

[Event "Montcalm 5 2019-20"]
[Site "Quebec CAN"]
[Date "2020.02.13"]
[Round "1"]
[White "Gaudreau, Eric"]
[Black "Auger, Bertrand"]
[Result "1-0"]
[WhiteElo "1603"]
[BlackElo "1927"]
[PlyCount "65"]
[EventDate "2020.02.13"]
[EventType "swiss"]
[EventRounds "5"]
[EventCountry "CAN"]

1. c4 Nf6 2. g3 c5 3. Nf3 b6 4. Bg2 Bb7 5. O-O g6 6. Nc3 Bg7 7. d3 O-O 8. e4 d6
9. h3 Nc6 10. Be3 Nd7 11. Qd2 Nd4 12. Nh4 f5 13. f4 e6 14. Nf3 Qe7 15. Rae1
Rae8 16. Bxd4 cxd4 17. Nb5 fxe4 18. dxe4 e5 19. Nc7 Rc8 20. Nd5 Bxd5 21. cxd5
Rc4 22. Rc1 Rfc8 23. Rxc4 Rxc4 24. Ng5 Nf8 25. Rc1 Qc7 26. Rxc4 Qxc4 27. Bf1
Qxa2 28. Qc2 exf4 29. Qc7 Qb1 30. Qf7+ Kh8 31. Ne6 Nxe6 32. dxe6 Bh6 33. e7 1-0

[Event "Montcalm 5 2019-20"]
[Site "Quebec CAN"]
[Date "2020.02.13"]
[Round "1"]
[White "Lapierre, Gaetan"]
[Black "Fahmi, Adam"]
[Result "1-0"]
[WhiteElo "1895"]
[BlackElo "1549"]
[PlyCount "55"]
[EventDate "2020.02.13"]
[EventType "swiss"]
[EventRounds "5"]
[EventCountry "CAN"]

1. e4 c5 2. Nc3 Nc6 3. g3 g6 4. Bg2 Bg7 5. Nge2 e6 6. d3 Nge7 7. O-O O-O 8. Nf4
a6 9. h4 h6 10. Bd2 b5 11. Qc1 Rb8 12. Nce2 d5 13. Nh3 Kh7 14. Kh2 e5 15. f4
dxe4 16. dxe4 exf4 17. gxf4 Bg4 18. Ng3 h5 19. Ng5+ Kg8 20. f5 gxf5 21. exf5
Bf6 22. N5e4 Bxh4 23. f6 Ng6 24. Bg5 Kh7 25. Bxh4 Nxh4 26. Ng5+ Kg8 27. Bxc6
Rb6 28. N5e4 1-0

[Event "Montcalm 5 2019-20"]
[Site "Quebec CAN"]
[Date "2020.02.13"]
[Round "1"]
[White "Michaud, Jacques"]
[Black "Sauve, Richard"]
[Result "0-1"]
[WhiteElo "1537"]
[BlackElo "1892"]
[PlyCount "54"]
[EventDate "2020.02.13"]
[EventType "swiss"]
[EventRounds "5"]
[EventCountry "CAN"]

1. d4 d5 2. c4 e6 3. Nf3 c6 4. a3 dxc4 5. e4 Nf6 6. Nc3 b5 7. Be2 a6 8. O-O Bb7
9. Bg5 Be7 10. Qc2 Nbd7 11. Rfd1 O-O 12. Ne5 h6 13. Bh4 Re8 14. Bf3 Qb6 15. Bg3
Rad8 16. d5 Nxe5 17. Bxe5 cxd5 18. exd5 exd5 19. Bd4 Bc5 20. Bxf6 Qxf6 21. Nxd5
Bxd5 22. Bxd5 Bd4 23. Bf3 Bxb2 24. Rxd8 Rxd8 25. Re1 Bxa3 26. Qe4 Bb4 27. Re2
Rd1+ 0-1

[Event "Montcalm 5 2019-20"]
[Site "Quebec CAN"]
[Date "2020.02.13"]
[Round "1"]
[White "Plante, Rejean"]
[Black "Hines, Jason"]
[Result "1-0"]
[WhiteElo "1987"]
[BlackElo "1622"]
[PlyCount "91"]
[EventDate "2020.02.13"]
[EventType "swiss"]
[EventRounds "5"]
[EventCountry "CAN"]

1. d4 d6 2. c4 f5 3. Nf3 e6 4. g3 Nf6 5. Bg2 Be7 6. O-O O-O 7. Nc3 Ne4 8. Qc2
Nxc3 9. Qxc3 Bf6 10. Rd1 Qe7 11. b3 Nd7 12. Bb2 Qf7 13. e3 Qh5 14. Qc2 Bd8 15.
Rac1 Rf6 16. Nd2 Rh6 17. Nf1 Nf6 18. f3 Rb8 19. b4 b6 20. a4 Bb7 21. Qf2 Ba6
22. b5 Bb7 23. Bc3 a6 24. Ra1 a5 25. Rac1 c6 26. Bd2 c5 27. d5 exd5 28. e4 g5
29. exd5 Bc8 30. h4 Rg6 31. hxg5 Nd7 32. f4 Be7 33. Bf3 Qh3 34. Re1 Kf7 35. Qg2
Qxg2+ 36. Kxg2 h6 37. Bh5 Bd8 38. Re6 Nf6 39. Bxg6+ Kxg6 40. Rxd6 hxg5 41. fxg5
Be7 42. Rxf6+ Bxf6 43. gxf6 Kxf6 44. Bf4 Rb7 45. Re1 Rg7 46. Be5+ 1-0

[Event "Montcalm 5 2019-20"]
[Site "Quebec CAN"]
[Date "2020.02.20"]
[Round "2"]
[White "Auger, Bertrand"]
[Black "Hebert, Andre jr"]
[Result "1-0"]
[WhiteElo "1927"]
[BlackElo "1536"]
[PlyCount "127"]
[EventDate "2020.02.13"]
[EventType "swiss"]
[EventRounds "5"]
[EventCountry "CAN"]

1. Nf3 Nf6 2. g3 Nc6 3. d4 e6 4. Bg2 b6 5. O-O Bb7 6. c4 Be7 7. Nc3 O-O 8. b3
d5 9. Ne5 Bb4 10. Nxc6 Bxc6 11. Qc2 Qd7 12. cxd5 exd5 13. Bd2 Rfe8 14. a3 Bxc3
15. Bxc3 Ne4 16. e3 Bb5 17. Rfc1 Rac8 18. a4 Ba6 19. Qd1 Qf5 20. Be1 c5 21. h4
Qf6 22. f3 Nd6 23. dxc5 Rxc5 24. Qd4 Qe6 25. Rxc5 bxc5 26. Qxc5 Qxe3+ 27. Bf2
Qxc5 28. Bxc5 Nf5 29. Rd1 Nxg3 30. Rxd5 Ne2+ 31. Kh2 Nf4 32. Rd2 Nxg2 33. Kxg2
Re2+ 34. Rxe2 Bxe2 35. Bxa7 Bd1 36. b4 Bxa4 37. Kg3 g6 38. Kf4 Kg7 39. Ke5 Bc6
40. f4 Bb5 41. Bd4 f5 42. Kd6+ Kf7 43. Kc5 Bd7 44. b5 Bc8 45. Kc6 Ke7 46. Kc7
Be6 47. b6 Bd5 48. Bg7 Ke6 49. b7 Bxb7 50. Kxb7 Kd5 51. Bh6 Kd6 52. Kc8 Ke7 53.
Kc7 Ke8 54. Kd6 Kf7 55. Ke5 Ke7 56. Kd5 Kf7 57. Kd6 Kf6 58. Bg5+ Kf7 59. Ke5
Kg7 60. Ke6 Kf8 61. Kf6 Kg8 62. Bh6 Kh8 63. Kf7 g5 64. Bg7# 1-0

[Event "Montcalm 5 2019-20"]
[Site "Quebec CAN"]
[Date "2020.02.20"]
[Round "2"]
[White "Bluteau, Yvon"]
[Black "Lapierre, Gaetan"]
[Result "1-0"]
[WhiteElo "1797"]
[BlackElo "1895"]
[PlyCount "77"]
[EventDate "2020.02.13"]
[EventType "swiss"]
[EventRounds "5"]
[EventCountry "CAN"]

1. e4 d6 2. d4 g6 3. f4 Bg7 4. Nf3 c5 5. c3 cxd4 6. cxd4 Nf6 7. Nc3 O-O 8. Bd3
Nc6 9. O-O Bd7 10. h3 a6 11. Be3 Nb4 12. Bc4 b5 13. Bb3 Nc6 14. Qb1 Na5 15. Nd5
Nxb3 16. Nxf6+ Bxf6 17. axb3 d5 18. e5 Bf5 19. Qd1 Bg7 20. Nh4 Be4 21. f5 f6
22. fxg6 hxg6 23. exf6 exf6 24. Qg4 Qc8 25. Qg3 g5 26. Nf3 Qb8 27. Qg4 Ra7 28.
Rac1 f5 29. Qxg5 f4 30. Bf2 Qd6 31. Ne5 Rc7 32. Rxc7 Qxc7 33. Bh4 Rf5 34. Qg4
Qc2 35. Ng6 Kh7 36. Ne7 Bxd4+ 37. Kh1 Rf7 38. Bg5 Rg7 39. Qh5# 1-0

[Event "Montcalm 5 2019-20"]
[Site "Quebec CAN"]
[Date "2020.02.20"]
[Round "2"]
[White "Cote, Frederic"]
[Black "Labrecque, Rejean"]
[Result "1-0"]
[WhiteElo "1579"]
[BlackElo "1852"]
[PlyCount "45"]
[EventDate "2020.02.13"]
[EventType "swiss"]
[EventRounds "5"]
[EventCountry "CAN"]

1. e4 c6 2. d4 d5 3. exd5 cxd5 4. Bd3 Nf6 5. Bf4 e6 6. c3 Nc6 7. Nf3 Be7 8.
Nbd2 Nh5 9. Bg3 Nxg3 10. hxg3 g6 11. Nf1 Bf6 12. Qe2 Qc7 13. Ne3 O-O 14. Ng4
Qe7 15. Qd2 Bg7 16. Nh6+ Kh8 17. O-O-O Bd7 18. Ng5 Be8 19. Nxh7 f5 20. Nxf8
Qxf8 21. Nxf5+ Kg8 22. Nxg7 Qxg7 23. Rh6 1-0

[Event "Montcalm 5 2019-20"]
[Site "Quebec CAN"]
[Date "2020.02.20"]
[Round "2"]
[White "Cournoyer, Dominic"]
[Black "Gaudreau, Eric"]
[Result "1-0"]
[WhiteElo "1947"]
[BlackElo "1603"]
[PlyCount "63"]
[EventDate "2020.02.13"]
[EventType "swiss"]
[EventRounds "5"]
[EventCountry "CAN"]

1. c4 c5 2. Nf3 g6 3. d4 cxd4 4. Nxd4 Bg7 5. g3 Nc6 6. Nxc6 bxc6 7. Bg2 Qb6 8.
Nc3 Nf6 9. O-O Ba6 10. b3 d6 11. Be3 Qc7 12. Rc1 Ng4 13. Bd2 O-O 14. h3 Ne5 15.
f4 Nd7 16. Kh2 Rad8 17. e4 Nc5 18. Be3 Qa5 19. Qc2 Qc7 20. Bxc5 dxc5 21. e5 Bc8
22. Rcd1 Bf5 23. Qf2 Rxd1 24. Rxd1 Rd8 25. Rxd8+ Qxd8 26. Bxc6 Qd3 27. Nd5 e6
28. Ne7+ Kh8 29. Nxf5 gxf5 30. Qxc5 Qd2+ 31. Bg2 Qxa2 32. Qc8+ 1-0

[Event "Montcalm 5 2019-20"]
[Site "Quebec CAN"]
[Date "2020.02.20"]
[Round "2"]
[White "Fortier, Bertrand"]
[Black "Le-Huu, Pascal"]
[Result "1-0"]
[WhiteElo "1734"]
[BlackElo "1351"]
[PlyCount "49"]
[EventDate "2020.02.13"]
[EventType "swiss"]
[EventRounds "5"]
[EventCountry "CAN"]

1. e4 e5 2. Bc4 Nc6 3. Nf3 Nf6 4. Ng5 d5 5. exd5 Nxd5 6. Nxf7 Kxf7 7. Qf3+ Ke6
8. Nc3 Ncb4 9. Qe4 c6 10. O-O Kd6 11. d4 Qf6 12. Bxd5 Nxd5 13. Nxd5 Bf5 14.
Nxf6 Bxe4 15. Nxe4+ Kc7 16. dxe5 Re8 17. Bd2 h6 18. f4 Be7 19. f5 Rd8 20. Bc3
h5 21. e6 Rh7 22. Bxg7 Rxg7 23. f6 Bc5+ 24. Nxc5 Rd2 25. fxg7 1-0

[Event "Montcalm 5 2019-20"]
[Site "Quebec CAN"]
[Date "2020.02.20"]
[Round "2"]
[White "Sarra-Bournet, Marc"]
[Black "Fleury, Dominic"]
[Result "1-0"]
[WhiteElo "1794"]
[BlackElo "1489"]
[PlyCount "97"]
[EventDate "2020.02.13"]
[EventType "swiss"]
[EventRounds "5"]
[EventCountry "CAN"]

1. e4 e5 2. Nf3 Nf6 3. Nxe5 d6 4. Nf3 Nxe4 5. Be2 d5 6. O-O Bd6 7. d3 Nf6 8.
Nc3 O-O 9. Nb5 c5 10. Nxd6 Qxd6 11. Bg5 Nc6 12. Qd2 Bd7 13. Rfe1 Rfe8 14. Bf4
Qe6 15. h3 d4 16. Ng5 Qe7 17. Bh5 Be6 18. Bxf7+ Bxf7 19. Rxe7 Rxe7 20. Bd6 Rd7
21. Bxc5 Bg6 22. Re1 h6 23. Ne6 Re8 24. Kf1 Rd5 25. Ba3 Rd7 26. Qf4 b5 27. b3
b4 28. Bc1 Rde7 29. Qg3 Kf7 30. Bd2 Rxe6 31. Rxe6 Rxe6 32. Qc7+ Ne7 33. Bxb4
Nfd5 34. Qc5 Nxb4 35. Qxb4 Rc6 36. Qxd4 Rxc2 37. b4 Kf8 38. a4 Be8 39. b5 Ra2
40. g4 Nc8 41. Qb4+ Ne7 42. a5 Kg8 43. Qxe7 Ra1+ 44. Kg2 Bxb5 45. d4 a6 46. d5
Rd1 47. h4 Bc4 48. Qe8+ Kh7 49. Qe4+ 1-0

[Event "Montcalm 5 2019-20"]
[Site "Quebec CAN"]
[Date "2020.02.20"]
[Round "2"]
[White "Sauve, Richard"]
[Black "Dumont, Eric"]
[Result "1-0"]
[WhiteElo "1892"]
[BlackElo "1811"]
[PlyCount "57"]
[EventDate "2020.02.13"]
[EventType "swiss"]
[EventRounds "5"]
[EventCountry "CAN"]

1. d4 d5 2. c4 c6 3. Nc3 Nf6 4. e3 g6 5. Nf3 Bg7 6. Bd3 Nbd7 7. cxd5 cxd5 8.
O-O O-O 9. Qb3 e6 10. Bd2 b6 11. Rfc1 e5 12. dxe5 Nc5 13. Qc2 Nxd3 14. exf6
Nxc1 15. fxg7 Re8 16. Rxc1 Bf5 17. Qb3 Be4 18. Nb5 Re7 19. Bc3 Rc8 20. Rd1 Re6
21. Nxa7 Ra8 22. Nb5 g5 23. Nbd4 Rh6 24. h3 Rh5 25. Nc6 Qd6 26. Nce5 f6 27. Ng4
Kxg7 28. Nxf6 Kg6 29. Nxe4 1-0

[Event "Montcalm 5 2019-20"]
[Site "Quebec CAN"]
[Date "2020.03.05"]
[Round "3"]
[White "Bluteau, Yvon"]
[Black "Sauve, Richard"]
[Result "0-1"]
[WhiteElo "1797"]
[BlackElo "1892"]
[PlyCount "90"]
[EventDate "2020.02.13"]
[EventType "swiss"]
[EventRounds "5"]
[EventCountry "CAN"]

1. e4 e6 2. Nf3 d5 3. Nc3 Nf6 4. e5 Nfd7 5. d4 c5 6. dxc5 Nc6 7. Bf4 Bxc5 8.
Bd3 f6 9. exf6 Nxf6 10. O-O O-O 11. Qd2 a6 12. Rae1 Bd7 13. a3 Rc8 14. Ne5 Nxe5
15. Bxe5 Ng4 16. Bg3 Qb6 17. h3 Nf6 18. Be5 Bd6 19. Bxd6 Qxd6 20. Qg5 h6 21.
Qh4 e5 22. Bg6 e4 23. Rd1 Qe5 24. f4 Qd6 25. Kh1 e3 26. Rd4 Rxc3 27. bxc3 Qxa3
28. Qe1 Bb5 29. Rf3 e2 30. Rf2 Qe7 31. Bd3 Bxd3 32. cxd3 Re8 33. Rf3 Qa3 34. c4
Qc5 35. Rxd5 Nxd5 36. cxd5 Qxd5 37. Kh2 b5 38. Rg3 b4 39. Qa1 Re7 40. Qe1 a5
41. Rf3 b3 42. f5 Qd6+ 43. Kh1 b2 44. f6 gxf6 45. d4 b1=Q 0-1

[Event "Montcalm 5 2019-20"]
[Site "Quebec CAN"]
[Date "2020.03.05"]
[Round "3"]
[White "Boissinot, Claude"]
[Black "Auger, Bertrand"]
[Result "0-1"]
[WhiteElo "1478"]
[BlackElo "1927"]
[PlyCount "55"]
[EventDate "2020.02.13"]
[EventType "swiss"]
[EventRounds "5"]
[EventCountry "CAN"]

1. e4 e6 2. d4 d5 3. Nc3 Bb4 4. Nge2 dxe4 5. a3 Ba5 6. b4 Bb6 7. Nxe4 Nf6 8.
Bg5 h6 9. Bxf6 gxf6 10. c4 f5 11. N4c3 c6 12. c5 Bc7 13. Qc2 Nd7 14. Rd1 Nf6
15. g3 Nd5 16. Bg2 Qg5 17. Nxd5 exd5 18. Nc3 f4 19. Qe2+ Kf8 20. h4 Qg6 21. h5
Qg5 22. Rd3 Bg4 23. Qd2 Re8+ 24. Kf1 f3 25. Bh3 Qxh5 26. Bg2 fxg2+ 27. Kxg2 Qg6
28. f3 0-1

[Event "Montcalm 5 2019-20"]
[Site "Quebec CAN"]
[Date "2020.03.05"]
[Round "3"]
[White "Dumont, Eric"]
[Black "Gaudreau, Eric"]
[Result "0-1"]
[WhiteElo "1811"]
[BlackElo "1603"]
[PlyCount "60"]
[EventDate "2020.02.13"]
[EventType "swiss"]
[EventRounds "5"]
[EventCountry "CAN"]

1. d4 b6 2. Bf4 Bb7 3. e3 e6 4. Nf3 f5 5. c4 Nf6 6. Nc3 Bb4 7. Bd3 O-O 8. O-O
Bxc3 9. bxc3 d6 10. Qc2 Nbd7 11. Rad1 Qe7 12. Nd2 e5 13. Bg5 e4 14. Be2 h6 15.
Bxf6 Rxf6 16. c5 f4 17. exf4 Rxf4 18. Nc4 Raf8 19. cxd6 cxd6 20. Ne3 Qg5 21.
Bb5 Nf6 22. Qb3+ Kh8 23. c4 Ng4 24. Nxg4 Rxg4 25. g3 Rf3 26. Qb2 e3 27. d5 Bc8
28. fxe3 Qxe3+ 29. Kh1 Bf5 30. Rde1 Rxf1+ 0-1

[Event "Montcalm 5 2019-20"]
[Site "Quebec CAN"]
[Date "2020.03.05"]
[Round "3"]
[White "Fortier, Bertrand"]
[Black "Cournoyer, Dominic"]
[Result "0-1"]
[WhiteElo "1734"]
[BlackElo "1947"]
[PlyCount "132"]
[EventDate "2020.02.13"]
[EventType "swiss"]
[EventRounds "5"]
[EventCountry "CAN"]

1. e4 d5 2. exd5 Qxd5 3. Nf3 Nf6 4. Nc3 Qa5 5. Be2 Bf5 6. a3 e6 7. O-O Nbd7 8.
Nd4 Bg6 9. Bf3 c6 10. Nb3 Qc7 11. d4 Bd6 12. g3 O-O-O 13. Bg5 h6 14. Bxf6 Nxf6
15. Qe2 h5 16. h4 Bf5 17. Nd2 Ng4 18. Nde4 Be7 19. Bxg4 Bxg4 20. Qe3 Qb6 21. f3
Bh3 22. Rfd1 e5 23. Na4 Qc7 24. dxe5 Kb8 25. Kh2 Bf5 26. f4 Bg4 27. Rd3 Qa5 28.
Nac5 Rd5 29. b4 Qd8 30. Rxd5 Qxd5 31. Qd3 Rd8 32. Qxd5 Rxd5 33. Kg2 Bxc5 34.
bxc5 Bf5 35. Re1 Bxe4+ 36. Rxe4 Rxc5 37. c4 Kc7 38. Kf3 Kd7 39. g4 hxg4+ 40.
Kxg4 Ra5 41. Re3 Ra4 42. Rc3 Ke6 43. Kg5 c5 44. h5 Ra6 45. Re3 Ke7 46. f5 Kf8
47. f6 Re6 48. Kf5 gxf6 49. Re4 Rxe5+ 50. Rxe5 fxe5 51. Kxe5 Kg7 52. a4 a5 53.
Kf5 f6 54. h6+ Kxh6 55. Kxf6 Kh5 56. Ke5 Kg6 57. Kd5 Kf6 58. Kxc5 Ke6 59. Kb6
Kd6 60. c5+ Kd5 61. Kb5 Kd4 62. c6 bxc6+ 63. Kxc6 Kc4 64. Kb6 Kb4 65. Kc6 Kxa4
66. Kc5 Kb3 0-1

[Event "Montcalm 5 2019-20"]
[Site "Quebec CAN"]
[Date "2020.03.05"]
[Round "3"]
[White "Lapierre, Gaetan"]
[Black "Cote, Frederic"]
[Result "0-1"]
[WhiteElo "1895"]
[BlackElo "1579"]
[PlyCount "122"]
[EventDate "2020.02.13"]
[EventType "swiss"]
[EventRounds "5"]
[EventCountry "CAN"]

1. d4 b6 2. e4 Bb7 3. f3 g6 4. Bd3 Bg7 5. Ne2 Nf6 6. Be3 O-O 7. O-O h5 8. c4 d6
9. Nbc3 Nbd7 10. h3 c5 11. d5 Ne5 12. f4 Nxd3 13. Qxd3 Bc8 14. Rad1 Kh7 15. b3
Rh8 16. Qd2 Bd7 17. f5 gxf5 18. exf5 Qf8 19. Ng3 Rd8 20. Qd3 Bh6 21. Nge4 Nxe4
22. Qxe4 f6 23. Rde1 Re8 24. Qh4 Bxe3+ 25. Rxe3 Qh6 26. Qe4 Rhg8 27. g3 Rg7 28.
Kh2 Reg8 29. Ne2 b5 30. Rf4 Qg5 31. Qd3 bxc4 32. bxc4 Rb8 33. Qc2 Rb4 34. Ref3
Ba4 35. Qc3 Bd1 36. Qd3 Bxe2 37. Qxe2 Rb1 38. Rc3 Kg8 39. Rf2 Rc1 40. Rb3 Ra1
41. Qe6+ Kh7 42. Qe3 Rc1 43. Qxg5 fxg5 44. f6 exf6 45. Rxf6 Re7 46. Rb2 Rd7 47.
Re2 Rxc4 48. Ree6 Rc2+ 49. Kg1 Rxa2 50. Rh6+ Kg8 51. Reg6+ Kf7 52. Rxg5 Rb7 53.
Rf5+ Kg7 54. Rxd6 Rb1+ 55. Rf1 Rbb2 56. Rd7+ Kg6 57. Rd6+ Kg5 58. h4+ Kg4 59.
Rg6+ Kh3 60. Rf3 Rg2+ 61. Kf1 Ra1# 0-1

[Event "Montcalm 5 2019-20"]
[Site "Quebec CAN"]
[Date "2020.03.05"]
[Round "3"]
[White "Perreault, Jacquelin"]
[Black "Sarra-Bournet, Marc"]
[Result "1/2-1/2"]
[WhiteElo "1715"]
[BlackElo "1794"]
[PlyCount "132"]
[EventDate "2020.02.13"]
[EventType "swiss"]
[EventRounds "5"]
[EventCountry "CAN"]

1. e4 e5 2. Nf3 Nc6 3. Bb5 a6 4. Ba4 Nf6 5. O-O Be7 6. Re1 b5 7. Bb3 d6 8. h3
O-O 9. c3 Na5 10. Bc2 c5 11. d4 Qc7 12. Nbd2 Bd7 13. Nf1 cxd4 14. cxd4 Rfc8 15.
Ne3 Nc4 16. Bd3 exd4 17. Nxd4 Ne5 18. Nef5 Bf8 19. Bg5 Nxd3 20. Qxd3 Qd8 21.
Qg3 Kh8 22. Nxd6 Bxd6 23. Qxd6 Bxh3 24. Qxd8+ Rxd8 25. Bxf6 gxf6 26. Nxb5 Rg8
27. Kh2 Bxg2 28. Nd6 Ra7 29. Rg1 Bf3 30. Rxg8+ Kxg8 31. Kg3 Bh5 32. Ne8 Bg6 33.
Nxf6+ Kf8 34. Rc1 Ke7 35. Nd5+ Kd6 36. f3 f5 37. Nf4 fxe4 38. Nxg6 hxg6 39.
fxe4 Ke5 40. Kf3 Rf7+ 41. Ke3 Rh7 42. Rc5+ Kd6 43. Rg5 Rg7 44. Kd4 Ke6 45. b4
Rd7+ 46. Kc5 Kf6 47. Rd5 Rc7+ 48. Kd4 Rc6 49. a4 g5 50. b5 axb5 51. axb5 Rb6
52. Rc5 Rd6+ 53. Ke3 Rd1 54. b6 Rb1 55. Rc6+ Ke7 56. e5 Kd7 57. Rg6 g4 58. Kf2
Rb5 59. Rd6+ Ke7 60. Rg6 Rxe5 61. Rg8 Rf5+ 62. Kg3 Rf3+ 63. Kxg4 Rf1 64. Rg6
Rg1+ 65. Kf5 Rxg6 66. Kxg6 Kd6 1/2-1/2

[Event "Montcalm 5 2019-20"]
[Site "Quebec CAN"]
[Date "2020.03.10"]
[Round "4"]
[White "Auger, Bertrand"]
[Black "Cournoyer, Dominic"]
[Result "0-1"]
[WhiteElo "1927"]
[BlackElo "1947"]
[PlyCount "124"]
[EventDate "2020.02.13"]
[EventType "swiss"]
[EventRounds "5"]
[EventCountry "CAN"]

1. Nf3 Nf6 2. g3 d5 3. Bg2 c6 4. O-O g6 5. c4 dxc4 6. Na3 Bg7 7. Nxc4 O-O 8. d4
Nbd7 9. b3 Nb6 10. Bb2 Be6 11. Rc1 Bd5 12. Nce5 Be4 13. Nd3 Nbd7 14. Qd2 Nd5
15. Nc5 Nxc5 16. Rxc5 Qd6 17. Rfc1 Rfe8 18. e3 Nc7 19. Ne5 Bxg2 20. Kxg2 Ne6
21. Ra5 a6 22. Ba3 Qd8 23. Qe1 Nc7 24. Nc4 Nb5 25. Bc5 f5 26. a4 Nd6 27. Bb6
Qd7 28. Ne5 Qe6 29. Qb4 Rec8 30. Nc4 Nxc4 31. Qxc4 Qxc4 32. Rxc4 e6 33. f3 Bf6
34. Kf2 Re8 35. Ke2 Be7 36. Bc7 Rac8 37. Be5 Bd8 38. Rac5 Bb6 39. b4 Bxc5 40.
bxc5 Re7 41. a5 Kf7 42. Rb4 g5 43. Bd6 Rd7 44. e4 fxe4 45. fxe4 Kg6 46. g4 Rf7
47. h3 h5 48. Rb3 hxg4 49. hxg4 Rh8 50. Bg3 Rh1 51. Rf3 Ra1 52. Rxf7 Kxf7 53.
Bc7 Ra3 54. Kf2 Rd3 55. Be5 Ke7 56. Ke2 Ra3 57. Bc7 Kd7 58. Be5 Rxa5 59. Bf6
Ra3 60. Kf2 Rd3 61. Be5 a5 62. Ke2 Rh3 0-1

[Event "Montcalm 5 2019-20"]
[Site "Quebec CAN"]
[Date "2020.03.10"]
[Round "4"]
[White "Dumont, Eric"]
[Black "Fortier, Bertrand"]
[Result "0-1"]
[WhiteElo "1811"]
[BlackElo "1734"]
[PlyCount "106"]
[EventDate "2020.02.13"]
[EventType "swiss"]
[EventRounds "5"]
[EventCountry "CAN"]

1. d4 d5 2. Bf4 c6 3. c3 Nf6 4. e3 Qb6 5. Qc2 g6 6. Nd2 Bg7 7. Bd3 Nbd7 8. Ngf3
O-O 9. h3 Re8 10. O-O c5 11. Rfe1 Nh5 12. Bh2 e5 13. dxe5 Nxe5 14. Nxe5 Bxe5
15. Bxe5 Rxe5 16. Nf3 Re8 17. b3 Qf6 18. Be2 Bf5 19. Qd2 Be4 20. Rad1 a6 21.
Nh2 Ng7 22. Bf3 h5 23. Bxe4 dxe4 24. c4 Rad8 25. Qa5 Rd3 26. Rxd3 exd3 27. Rd1
Rd8 28. Qxc5 Ne6 29. Qa5 Qb2 30. Nf3 Qc2 31. Rd2 Qc1+ 32. Kh2 b5 33. cxb5 axb5
34. Qxb5 h4 35. Rxd3 Qc7+ 36. Qe5 Rxd3 37. Qxc7 Nxc7 38. Nxh4 Rd2 39. a4 Rxf2
40. Kg3 Rb2 41. Nf3 Rxb3 42. Kf2 Ra3 43. Nd4 Rxa4 44. h4 Nd5 45. g4 Ra2+ 46.
Kf3 Ra3 47. Ke4 Nxe3 48. h5 Nxg4 49. hxg6 fxg6 50. Nc6 Kg7 51. Kf4 Nf6 52. Kg5
Ra4 53. Nd4 Nh7+ 0-1

[Event "Montcalm 5 2019-20"]
[Site "Quebec CAN"]
[Date "2020.03.10"]
[Round "4"]
[White "Gaudreau, Eric"]
[Black "Lescarbeau, Martin"]
[Result "0-1"]
[WhiteElo "1603"]
[BlackElo "1758"]
[PlyCount "44"]
[EventDate "2020.02.13"]
[EventType "swiss"]
[EventRounds "5"]
[EventCountry "CAN"]

1. d4 f5 2. Nf3 Nf6 3. Bf4 e6 4. e3 Be7 5. c4 O-O 6. Nc3 d6 7. Be2 a5 8. O-O b6
9. h3 Kh8 10. Qc2 Bb7 11. Bh2 Nc6 12. a3 h6 13. Bd3 Nb8 14. e4 g6 15. Rfe1 Nh7
16. exf5 Bxf3 17. gxf3 exf5 18. Re6 Bf6 19. Rae1 Nc6 20. d5 Nd4 21. Qd1 Nxe6
22. Rxe6 Ng5 0-1

[Event "Montcalm 5 2019-20"]
[Site "Quebec CAN"]
[Date "2020.03.10"]
[Round "4"]
[White "Sarra-Bournet, Marc"]
[Black "Fahmi, Adam"]
[Result "0-1"]
[WhiteElo "1794"]
[BlackElo "1549"]
[PlyCount "100"]
[EventDate "2020.02.13"]
[EventType "swiss"]
[EventRounds "5"]
[EventCountry "CAN"]

1. e4 c5 2. Nc3 Nc6 3. f4 g6 4. Nf3 Bg7 5. Bb5 Nd4 6. Bc4 e6 7. O-O Ne7 8. d3
O-O 9. e5 a6 10. Ne4 d5 11. exd6 Nxf3+ 12. Qxf3 Nf5 13. c3 b5 14. Ng5 Rb8 15.
Bb3 Bb7 16. Qh3 h6 17. Ne4 Rc8 18. Be3 c4 19. Bc2 cxd3 20. Bxd3 Bxe4 21. Bxe4
Nxe3 22. Qxe3 Qxd6 23. Rad1 Qc7 24. Rf2 Rfd8 25. Rfd2 Rxd2 26. Qxd2 Bf6 27. Qd6
Qa7+ 28. Kf1 Rd8 29. Qxd8+ Bxd8 30. Rxd8+ Kg7 31. Rd4 Qe7 32. h3 Qf6 33. Bf3
Qf5 34. Re4 Qd5 35. a4 bxa4 36. Rb4 Qd3+ 37. Be2 Qb1+ 38. Kf2 a5 39. Rxa4 Qxb2
40. c4 Qb3 41. Ra1 a4 42. c5 Qb4 43. Kf1 Qxf4+ 44. Ke1 a3 45. c6 Qb4+ 46. Kf1
Qc3 47. Ra2 Qxc6 48. Bd3 Qc3 49. Ke2 Qb3 50. Rd2 a2 0-1

[Event "Montcalm 5 2019-20"]
[Site "Quebec CAN"]
[Date "2020.03.10"]
[Round "4"]
[White "Servant, Michel"]
[Black "Bluteau, Yvon"]
[Result "0-1"]
[WhiteElo "1668"]
[BlackElo "1797"]
[PlyCount "66"]
[EventDate "2020.02.13"]
[EventType "swiss"]
[EventRounds "5"]
[EventCountry "CAN"]

1. c4 d5 2. Nf3 Nf6 3. g3 g6 4. Bg2 Bg7 5. O-O c6 6. d4 O-O 7. Nc3 Nbd7 8. cxd5
cxd5 9. Bf4 a6 10. Rc1 Nb6 11. b3 Bf5 12. Qd2 Rc8 13. h3 Ne4 14. Nxe4 Bxe4 15.
Rxc8 Nxc8 16. Rc1 Nd6 17. Qb4 Nb5 18. e3 Qd7 19. a4 Nd6 20. Ne5 Bxe5 21. Bxe5
Bxg2 22. Kxg2 Ne4 23. Rc7 Qf5 24. f3 Ng5 25. Qe1 Qxh3+ 26. Kf2 Qh2+ 27. Kf1
Qh1+ 28. Ke2 Qxf3+ 29. Kd2 Ne4+ 30. Kd3 f6 31. Rxe7 fxe5 32. Rxe5 Rc8 33. Rxe4
Qxe4+ 0-1

[Event "Oakville Invitational"]
[Site "Oskville CAN"]
[Date "2020.02.19"]
[Round "1.2"]
[White "Zhou, Liran"]
[Black "Posthuma, Joshua"]
[Result "1-0"]
[WhiteElo "2307"]
[BlackElo "2353"]
[PlyCount "113"]
[EventDate "2020.02.19"]
[EventType "tourn"]
[EventRounds "9"]
[EventCountry "CAN"]

1. e4 c6 2. d4 d5 3. Nc3 dxe4 4. Nxe4 Nf6 5. Nxf6+ gxf6 6. Nf3 Bg4 7. Be3 Nd7
8. Be2 Qc7 9. Qd2 O-O-O 10. O-O-O e6 11. h3 Bh5 12. g4 Bg6 13. Nh4 Nb6 14. c4
c5 15. Nxg6 hxg6 16. Qc3 cxd4 17. Bxd4 e5 18. Be3 Rxd1+ 19. Rxd1 Bc5 20. Bf1
Bxe3+ 21. fxe3 g5 22. b3 Rd8 23. Rxd8+ Kxd8 24. Bg2 Nd7 25. Bd5 Ke7 26. Qb4+
Nc5 27. Qc3 e4 28. b4 Nd3+ 29. Kb1 Qb6 30. Bxe4 Nxb4 31. Qb3 a5 32. a3 Nd5 33.
Ka2 Qxb3+ 34. Kxb3 Nxe3 35. c5 Kd7 36. Bxb7 f5 37. gxf5 Nxf5 38. Ka4 Nd4 39.
Kxa5 Kc7 40. Bd5 f5 41. Kb4 f4 42. Kc4 Nc2 43. Be4 Ne3+ 44. Kd4 g4 45. hxg4
Nxg4 46. a4 Nf6 47. a5 Nd7 48. a6 Kb8 49. Bb7 Ka7 50. c6 Nb6 51. c7 f3 52. Ke3
Nc4+ 53. Kxf3 Nd6 54. c8=N+ Nxc8 55. Bxc8 Kb8 56. Be6 Ka7 57. Bc4 1-0

[Event "Oakville Invitational"]
[Site "Oskville CAN"]
[Date "2020.02.19"]
[Round "1.3"]
[White "Clyde, Jordan"]
[Black "Migot, Tangi"]
[Result "0-1"]
[WhiteElo "2165"]
[BlackElo "2384"]
[PlyCount "74"]
[EventDate "2020.02.19"]
[EventType "tourn"]
[EventRounds "9"]
[EventCountry "CAN"]

1. e4 c5 2. Nc3 Nc6 3. Bb5 Nd4 4. Nf3 Nxb5 5. Nxb5 d6 6. c4 e5 7. a3 Be7 8. b4
b6 9. bxc5 bxc5 10. Qa4 Bd7 11. Qa6 Bxb5 12. cxb5 Nf6 13. d3 O-O 14. Bg5 Nh5
15. Be3 Qd7 16. O-O f5 17. exf5 Qxf5 18. Qb7 Qe6 19. Ng5 Bxg5 20. Bxg5 h6 21.
Be3 Nf6 22. Qa6 Qd5 23. Qa4 Rfb8 24. Qc4 a6 25. Rfb1 e4 26. bxa6 Rxb1+ 27. Rxb1
exd3 28. Qb5 c4 29. a7 Kh7 30. Qb4 Ng4 31. Bb6 Qe5 32. f4 Qxf4 33. g3 Qe4 34.
Re1 Qd5 35. Qc3 Ne5 36. Rc1 Nf3+ 37. Kf2 Rf8 0-1